| 000 | 00478cam a2200181ua 4500 | ||
|---|---|---|---|
| 001 | 19953 | ||
| 008 | 131019n II |||gr||||Z||||||eng | ||
| 040 | _aMAIN | ||
| 041 | _aEnglish | ||
| 082 | _a294.592 2 SAR | ||
| 100 | _aBHARALI, DR. BIVA (Ed./-). | ||
| 245 | _aTHE RAMAYANA : ITS IMPACT ON LIFE & CULTURE | ||
| 260 |
_a[s.l]: _bHRIDAYANANDA GOGOI, SECRETARY, _c2003. |
||
| 300 |
_a242: _c20CM. |
||
| 653 | _aRAMAYANA | ||
| 700 | _aSARMAH, PRIYANKA (Ed./-). | ||
| 942 | _cBK | ||
| 999 |
_c19815 _d19815 |
||